000 01139nam a22003257a 4500
003 CHAP
005 20220329134135.0
008 971013s1971 r 00010 d
010 _a16015
011 _a16987
035 _a21069
040 _cCHAP
090 _aTesis
100 0 0 _aGuijosa Téllez, Margarita.
_951361
245 _aEvaluación de la miel de abeja en función de sus condiciones de procesado y almacenamiento
260 _aMorelia, Mich., :
_bEl autor,
_c1971
300 _a61 h.
_b; gráfs
502 _aTesis (Químicofarmacobiólogo) -- Univ. Michoacana de San Nicolas de Hidalgo. Esc. de Químicofarmacobiólogo
590 _aALEPH
_b10
_c20130110
_lUCH01
_h1238
590 _aBATCH-UPD
_b10
_c20130110
_lUCH01
_h0228
590 _aBATCH-UPD
_b10
_c20130110
_lUCH01
_h2331
590 _aBATCH-UPD
_b10
_c20130409
_lUCH01
_h2251
590 _aBATCH-UPD
_b10
_c20130410
_lUCH01
_h1621
590 _aBATCH-UPD
_b10
_c20130914
_lUCH01
_h1556
590 _aCONVERSION
_b10
_c20130109
_lUCH01
_h1310
650 1 4 _aMiel de abejas
_xAnálisis.
_975563
901 _aBK
942 _cTESIS
949 _bBC
_cTES
_d-49139
_eTS1
_i21069
_si
999 _c16015
_d16015